LEADER 01267nam a2200241 i 4500 001 000000172205 003 CaOOAMICUS 005 20110111000000.0 008 110111s1969 it u000 u mul u 013 $a149644 040 $aSeMil$bita 110 2 $aSanta Sede : Congregazione per l'Educazione Cattolica (dei Seminari e degli Istituti di Studi).$0(OLS)http://semarc/name/15276 245 13$aLa scuola cattolica nella societā pluralistica (schema di studio) :$bcongregazione plenaria da tenersi nei giorni 3-4 ottobre 1969 /$cS. Congregazione per la Educazione Cattolica. 260 $a[Cittā del Vaticano] :$bTipografia Poliglotta Vaticana,$c1969. 300 $a50 p. ;$c27 cm. 500 $aFondo Card. Giovanni Colombo. 650 4$aScuola cattolica - Italia.$0(OLS)http://semarc/subject/28338 850 $aSeMil 852 $aSeMil$W1$xVenegono$y1$m5D XI 18/3$j123067$B123067$CSeMilBibl$Z2$F158022 $81 941 1 $a3 961 $aLascito: Colombo Card. Giovanni 996 $6245$aLa scuola cattolica nella societā pluralistica (schema di studio) :$bcongregazione plenaria da tenersi nei giorni 3-4 ottobre 1969$9(OLS)http://semarc/title/246545 996 $6260$a[Cittā del Vaticano] :$bTipografia Poliglotta Vaticana$9(OLS)http://semarc/publisher/32047 LEADER 01010nam a2200229 i 4500 001 000000231754 003 CaOOAMICUS 005 20140811000000.0 008 140811s2001 it u000 u ita u 013 $a210657 040 $aSeMil$bita 100 1 $aCaprioli, Adriano,$c.$0(OLS)http://semarc/name/206 245 10$aC'č qualcuno in casa? :$bLettera alle famiglie /$cAdriano Caprioli. 260 $aReggio Emilia :$b[s.n.],$c2001. 300 $a39 p. ;$c21 cm. 500 $aSupplemento a : La Libertā, Settimanale d'informazione della Diocesi di Reggio Emilia. 650 4$aCaprioli, Adriano - Insegnamenti - Famiglie.$0(OLS)http://semarc/subject/36446 850 $aSeMil 852 $aSeMil$W1$xVenegono$y1$m5A XII 1/59$j182100$B182100$CSeMilBibl$Z2$F193140 $81 961 $aOmaggio: Altro 996 $6245$aC'č qualcuno in casa? :$bLettera alle famiglie$9(OLS)http://semarc/title/330840 996 $6260$aReggio Emilia :$b[s.n.]$9(OLS)http://semarc/publisher/30966